Analysis : an introduction

Αποθηκεύτηκε σε:
Λεπτομέρειες βιβλιογραφικής εγγραφής
Κύριος συγγραφέας: Beals, Richard 1938-
Μορφή: Βιβλίο
Γλώσσα:English
Δημοσίευση: Cambridge, UK ; New York : Cambridge University Press, 2004
Θέματα:
Ετικέτες: Προσθήκη ετικέτας
Δεν υπάρχουν, Καταχωρήστε ετικέτα πρώτοι!

MARC

LEADER 00000nam a2200000 i 4500
001 1/74558
008 080215s2004 eng d
020 |a 0-521-60047-2 
035 |l 10094681 
040 |a GR-MY-UA  |b gre  |e aacr 
041 0 |a eng 
082 0 |a 515  |2 (22) 
100 1 |a Beals, Richard  |d 1938- 
245 1 0 |a Analysis :  |b an introduction /  |c Richard Beals 
260 |a Cambridge, UK ; New York :   |b Cambridge University Press,   |c 2004 
300 |a ix, 261 σ.;  |b εικ.;  |c 27 εκ. 
504 |a Περιέχει ευρετήρια 
650 0 0 |a Mathematical analysis. 
852 |a INST  |b SAMOS  |e 20080215  |h 515 BEA  |p 005300026859  |q 005300026859  |t BK  |y 0 
901 |a BIBL3-2008-1 
909 |a Σ  |b 142375 
922 |a 3ΕΛΗ  |b 200712  |c ΕΠΕΑΕΚ2/ΤΜΗΜΑ ΜΑΘΗΜΑΤΙΚΩΝ  |d ΕΛΕΥΘΕΡΟΥΔΑΚΗΣ 
970 |a ΡΟΥΣΣΟΥ  |b ΚΩΝΣΤΑΝΤΙΝΑ  |z 2008/02/15